00517nam a2200169 a 450000500170000000800410001702000180005805000250007610000240010124500810012526000310020630000290023750000200026665000220028670000180030870000210032620140311163039.0110929s19uu xx 00 eng d a9781847875914 aHF 5718.3b.T57 2009 aTissington, Patrick aHow to write succesful business and management essays /cPatrick Tissington. aLos Angels :bSage,c2009. a147 p. :bill. ;c24 cm. aIncludes index. aBusiness writing. aHasel, Markus aMatthiesen, Jane